000 00718nam1a22002051i 4500
001 rc\2819658
005 20240726055803.0
035 _a(NLR Aleph) 006978171
090 _a5505421
_c5505421
100 _a20110621d1927 |||y0rusy50 ca
101 0 _arus
102 _aRU
105 _ay z |||||
200 1 _aБиблиотека международного комитета пропаганды революционных сельскохозяйственных и лесных рабочих
_e№ 1-2
210 _aМосква
_cЦК Союза сельхозрабочих СССР
_d1927
215 _d17×13 см
801 0 _aRU
_bNLR
_gpsbo
801 1 _aRU
_bELAR
_2rusmarc
852 _aNLR
_j41/1975
942 _cBOOK